Movies Quiz

Random Movies or Actor Quiz

Tough Choices: Movies Edition Quiz Stats

 Plays Quiz Updated Sep 28, 2018

Challenge
Share
Tweet
Embed
Score 0/20 Timer 07:00
3 Plays Today
Column A (Type A if Higher) A or B? % Correct
Pirates of the Caribbean movies???
94.6%
Number that Flew Over the Cuckoo's Nest???
90.5%
Movies in The Saw franchise???
89.9%
Number of Star Wars movies???
89.6%
Merida's siblings (Brave)???
86.6%
Number of Shades of Grey???
86%
Actors to portray adult Spider-Man (full length live-action)???
85.4%
Von Trapp children in The Sound of Music???
85.3%
Money grossed worldwide by Avatar (billions of dollars)???
80.3%
Daughters adopted by Daddy Warbucks in Annie???
77.1%
Column A (Type A if Higher) A or B? % Correct
Academy Awards won by Forrest Gump???
76.2%
Worldwide grossing of Robin Williams movies (billions of dollars)???
74.9%
Human characters killed in The Godfather (1972)???
71.7%
Running time of Titanic (minutes)???
70.3%
Budget for The Lord of the Rings trilogy (millions of dollars)???
61.7%
One-word-titled movies to win Best Picture???
49.6%
Movies featuring John Wayne???
41.9%
Ariel's age (The Little Mermaid)???
41.3%
Best Actor nominations for Robert De Niro???
40.7%
Oscars won by Meryl Streep???
39.4%

You're not logged in!

Compare scores with friends on all Sporcle quizzes.
OR
Log In

You Might Also Like...

Show Comments

Extras

Top Quizzes Today


Score Distribution

Your Account Isn't Verified!

In order to create a playlist on Sporcle, you need to verify the email address you used during registration. Go to your Sporcle Settings to finish the process.

Report this User

Report this user for behavior that violates our Community Guidelines.

Details: